Health and hygiene in colonial Goa. (1510-1961). (Record no. 98554)

MARC details
000 -LEADER
fixed length control field 00401nam a2200145Ia 4500
008 - FIXED-LENGTH DATA ELEMENTS--GENERAL INFORMATION
fixed length control field 210210b1994 xxu||||| |||| 00| 0 eng d
020 ## - INTERNATIONAL STANDARD BOOK NUMBER
International Standard Book Number 81 7022 506 X
082 ## - DEWEY DECIMAL CLASSIFICATION NUMBER
Classification number 363.15 DASH
100 ## - MAIN ENTRY--PERSONAL NAME
Personal name DA SILVA GRACIAS (Fatima).
245 ## - TITLE STATEMENT
Title Health and hygiene in colonial Goa. (1510-1961).
260 ## - PUBLICATION, DISTRIBUTION, ETC.
Place of publication, distribution, etc. ND
Name of publisher, distributor, etc. Concept Publishing Company.
Date of publication, distribution, etc. 1994
300 ## - PHYSICAL DESCRIPTION
Extent 300
690 ## - LOCAL SUBJECT ADDED ENTRY--TOPICAL TERM (OCLC, RLIN)
Topical term or geographic name as entry element Social Welfare
906 ## - LOCAL DATA ELEMENT F, LDF (RLIN)
a 050110
Holdings
Withdrawn status Lost status Damaged status Not for loan Collection code Home library Current library Shelving location Date acquired Cost, normal purchase price Total Checkouts Full call number Barcode Date last seen Price effective from Koha item type
          St Aloysius Library St Aloysius Library   02/17/2021 450.00   363.15 DASH 050110 02/17/2021 02/17/2021 Book